Higher Engineering Mathematics (Record no. 11648)

MARC details
000 -LEADER
fixed length control field 00385nam a22001697a 4500
003 - CONTROL NUMBER IDENTIFIER
control field OSt
008 - FIXED-LENGTH DATA ELEMENTS--GENERAL INFORMATION
fixed length control field 230102b ||||| |||| 00| 0 eng d
020 ## - INTERNATIONAL STANDARD BOOK NUMBER
International Standard Book Number 9780070634190
082 ## - DEWEY DECIMAL CLASSIFICATION NUMBER
Classification number 510 RAH
100 ## - MAIN ENTRY--PERSONAL NAME
Personal name RAMANA,BV
245 ## - TITLE STATEMENT
Title Higher Engineering Mathematics
250 ## - EDITION STATEMENT
Edition statement Rep
260 ## - PUBLICATION, DISTRIBUTION, ETC. (IMPRINT)
Place of publication, distribution, etc New Delhi
Name of publisher, distributor, etc TMH
Date of publication, distribution, etc 2022
300 ## - PHYSICAL DESCRIPTION
Extent MISC
650 ## - SUBJECT ADDED ENTRY--TOPICAL TERM
Topical term or geographic name as entry element Mathematics
942 ## - ADDED ENTRY ELEMENTS (KOHA)
Source of classification or shelving scheme Dewey Decimal Classification
Koha item type Text Books
942 ## - ADDED ENTRY ELEMENTS (KOHA)
-- 19
Holdings
Withdrawn status Lost status Source of classification or shelving scheme Damaged status Not for loan Collection code Home library Current library Date acquired Source of acquisition Currency Cost, normal purchase price Bill Number Total Checkouts Full call number Acc. no. / Barcode Date last seen Date last borrowed Actual Cost, discounted price Bill Date Koha item type
    Dewey Decimal Classification     Applied Sc. PIET C-LIBRARY PIET C-LIBRARY 09/12/2022 International Book Centre IN Rupees 995.00 IB/IN/850 5 510 RAH 34293 29/03/2024 27/03/2024 672.00 09/12/2022 Text Books
    Dewey Decimal Classification     Applied Sc. PIET C-LIBRARY PIET C-LIBRARY 09/12/2022 International Book Centre IN Rupees 995.00 IB/IN/850 12 510 RAH 34294 21/04/2026 08/04/2026 672.00 09/12/2022 Text Books
    Dewey Decimal Classification     Applied Sc. PIET C-LIBRARY PIET C-LIBRARY 09/12/2022 International Book Centre IN Rupees 995.00 IB/IN/850 12 510 RAH 34295 22/04/2026 08/04/2026 672.00 09/12/2022 Text Books
    Dewey Decimal Classification     Applied Sc. PIET C-LIBRARY PIET C-LIBRARY 09/12/2022 International Book Centre IN Rupees 995.00 IB/IN/850 7 510 RAH 34296 09/03/2026 23/02/2026 672.00 09/12/2022 Text Books
    Dewey Decimal Classification     Applied Sc. PIET C-LIBRARY PIET C-LIBRARY 09/12/2022 International Book Centre IN Rupees 995.00 IB/IN/850 6 510 RAH 34297 25/03/2026 16/03/2026 672.00 09/12/2022 Text Books
    Dewey Decimal Classification     Applied Sc. PIET C-LIBRARY PIET C-LIBRARY 09/12/2022 International Book Centre IN Rupees 995.00 IB/IN/850   510 RAH 34298 02/01/2023   672.00 09/12/2022 Text Books
    Dewey Decimal Classification     Applied Sc. PIET C-LIBRARY PIET C-LIBRARY 09/12/2022 International Book Centre IN Rupees 995.00 IB/IN/850 11 510 RAH 34299 30/04/2025 25/04/2025 672.00 09/12/2022 Text Books
    Dewey Decimal Classification     Applied Sc. PIET C-LIBRARY PIET C-LIBRARY 09/12/2022 International Book Centre IN Rupees 995.00 IB/IN/850 9 510 RAH 34300 14/10/2025 15/09/2025 672.00 09/12/2022 Text Books
    Dewey Decimal Classification     Applied Sc. PIET C-LIBRARY PIET C-LIBRARY 09/12/2022 International Book Centre IN Rupees 995.00 IB/IN/850 11 510 RAH 34301 25/06/2025 14/06/2025 672.00 09/12/2022 Text Books
    Dewey Decimal Classification     Applied Sc. PIET C-LIBRARY PIET C-LIBRARY 09/12/2022 International Book Centre IN Rupees 995.00 IB/IN/850 8 510 RAH 34302 14/01/2025 09/01/2025 672.00 09/12/2022 Text Books

Design & Developed by: PIET Central Library
R70 Miles Stone Pattikalyana Samalkha Panipat 132102
mail ID :- [email protected], Phone No:- 0180-2569700 Ex.216